| 000 | 00627nam a22001817a 4500 | ||
|---|---|---|---|
| 008 | 230502b |||||||| |||| 00| 0 eng d | ||
| 040 |
_aNational Science Library _cNational Science Library |
||
| 080 |
_a669.16:33 _bK2 |
||
| 100 |
_aDasgupta, S B _97441 |
||
| 245 | _aPilot plant studies on beneficiation and sintering of kiriburu iron ore for national mineral development corporation ltd. | ||
| 260 |
_aJamshedpur: _bNational Metallurgical Laboratory, _c1962 |
||
| 300 | _aviii, 48p. | ||
| 650 | _aChemical technology | ||
| 653 | _aWashing | ||
| 700 | _aSinha, P K | ||
| 700 | _aBanerjee, S K | ||
| 942 |
_2udc _cREF |
||
| 999 |
_c26130 _d26130 |
||